| Tag |
First Indicator |
Second Indicator |
Subfields |
| LEADER |
00000cam a2200000 i 4500 |
| 001 |
in00004819621 |
| 007 |
ta |
| 008 |
730626s1973 nyu b 001 0 eng |
| 005 |
20240808230744.7 |
| 010 |
|
|
|a 72085471
|
| 035 |
|
|
|a (OCoLC)ocm00668114
|
| 040 |
|
|
|a DLC
|b eng
|e rda
|c DLC
|d LVB
|d BTCTA
|d NEIGS
|d AU@
|d OCLCO
|d AQ5
|d OCLCF
|d P4I
|d OCLCQ
|d OCLCO
|d OCLCQ
|d OCL
|d IOP
|d OCL
|d NLC
|d LENOT
|d OCLCQ
|d OKR
|d YT6
|d OCLCA
|d NZ1
|d U3G
|d OCLCO
|d J9U
|d OCLCO
|d OCLCL
|
| 016 |
|
|
|a (AMICUS)000001177404
|
| 019 |
|
|
|a 5880030
|a 1087239285
|
| 020 |
|
|
|a 0060133317
|
| 020 |
|
|
|a 9780060133313
|
| 020 |
|
|
|a 0061318132
|q (pbk.)
|
| 020 |
|
|
|a 9780061318139
|q (pbk.)
|
| 029 |
1 |
|
|a AU@
|b 000000721262
|
| 029 |
1 |
|
|a DEBSZ
|b 030268206
|
| 029 |
1 |
|
|a HEBIS
|b 108840190
|
| 029 |
1 |
|
|a NZ1
|b 3704933
|
| 029 |
1 |
|
|a ZWZ
|b 046057544
|
| 029 |
1 |
|
|a NZ1
|b 694222
|
| 029 |
1 |
|
|a NLC
|b 000001177404
|
| 035 |
|
|
|a (OCoLC)00668114
|z (OCoLC)5880030
|z (OCoLC)1087239285
|
| 037 |
|
|
|c $12.50
|
| 043 |
|
|
|a n-us---
|
| 050 |
0 |
0 |
|a E169.1
|b .P42 1973
|
| 055 |
|
0 |
|a E169.1.P42
|
| 082 |
0 |
4 |
|a 001.2/0973
|
| 049 |
|
|
|a MAIN
|
| 100 |
1 |
|
|a Pells, Richard H,
|e author
|
| 245 |
1 |
0 |
|a Radical visions and American dreams;
|b culture and social thought in the Depression years
|c [by] Richard H. Pells.
|
| 250 |
|
|
|a [1st ed.].
|
| 264 |
|
1 |
|a New York,
|b Harper and Row
|c [1973]
|
| 300 |
|
|
|a xv, 424 pages
|c 25 cm.
|
| 336 |
|
|
|a text
|b txt
|2 rdacontent
|
| 337 |
|
|
|a unmediated
|b n
|2 rdamedia
|
| 338 |
|
|
|a volume
|b nc
|2 rdacarrier
|
| 490 |
1 |
|
|a Harper torchbooks ;
|v TB1813
|
| 504 |
|
|
|a Includes bibliographical references (pages 395-410).
|
| 505 |
0 |
|
|a Progressivism and the 1920s -- Political and economic thought, 1929-1935 -- Search for community -- Literary theory and the role of the intellectual -- Documentaries, fiction, and the Depression -- Radical stage and the Hollywood film in the 1930s -- Decline of radicalism, 1935 -- 1939 -- From Depression to war
|
| 590 |
|
|
|b TAG Physical Holdings 2
|
| 600 |
1 |
0 |
|a Saroyan, William,
|d 1908-1981.
|
| 600 |
1 |
7 |
|a Saroyan, William,
|d 1908-1981
|2 fast
|1 https://id.oclc.org/worldcat/entity/E39PBJvH8bP6GDkkY9Mhpw86Kd
|
| 651 |
|
0 |
|a United States
|x Intellectual life
|y 20th century.
|0 http://id.loc.gov/authorities/subjects/sh85140367
|
| 651 |
|
0 |
|a United States
|x Civilization
|y 1918-1945.
|0 http://id.loc.gov/authorities/subjects/sh85139943
|
| 651 |
|
1 |
|a United States
|x Intellectual life
|y 20th century.
|
| 651 |
|
1 |
|a United States
|x Civilization
|y 1918-1945.
|
| 651 |
|
4 |
|a United States
|a United States
|x Intellectual life
|y 20th century.
|
| 651 |
|
4 |
|a United States
|x Civilization
|y 1918-1945.
|
| 651 |
|
6 |
|a États-Unis
|x Vie intellectuelle
|y 20e siècle.
|
| 651 |
|
6 |
|a États-Unis
|x Civilisation
|y 1918-1945.
|
| 650 |
|
7 |
|a Civilization
|2 fast
|
| 650 |
|
7 |
|a Intellectual life
|2 fast
|
| 651 |
|
7 |
|a United States
|2 fast
|1 https://id.oclc.org/worldcat/entity/E39PBJtxgQXMWqmjMjjwXRHgrq
|
| 650 |
|
7 |
|a History of communications.
|2 mmm
|
| 650 |
|
7 |
|a Social consciousness (propaganda, public opinion)
|2 mmm
|
| 650 |
|
7 |
|a Journalism, media and cultural workers.
|2 mmm
|
| 650 |
|
7 |
|a Mass culture.
|2 mmm
|
| 650 |
|
7 |
|a Film.
|2 mmm
|
| 651 |
|
7 |
|a United States
|x Intellectual life
|y 20th century
|2 nli
|
| 651 |
|
7 |
|a United States
|x Civilization
|y 1918-1945
|2 nli
|
| 648 |
|
7 |
|a 1900-1999
|2 fast
|
| 758 |
|
|
|i has work:
|a Radical visions and American dreams (Work)
|1 https://id.oclc.org/worldcat/entity/E39PCFBFkJFQxFhkdfMjbxwbv3
|4 https://id.oclc.org/worldcat/ontology/hasWork
|
| 830 |
|
0 |
|a Harper torchbooks ;
|v 1813.
|0 http://id.loc.gov/authorities/names/n83800067
|
| 938 |
|
|
|a Baker and Taylor
|b BTCP
|n 72085471 //r84
|
| 994 |
|
|
|a 92
|b TAG
|
| 852 |
|
|
|a TAG
|b TAGC
|c galv,stk
|h E169.1 .P42 1973
|t c.1
|
| 876 |
|
|
|p 33620000375903
|v unmediated -- volume
|
| 999 |
f |
f |
|s 9cedc9cd-b064-4e43-a2b9-f90cd92faf0e
|i 9be6eba2-18e0-4a92-9f61-37279d9ad6a1
|t 0
|
| 952 |
f |
f |
|p normal
|a Texas A&M University
|b Galveston Campus
|c Jack K. Williams Library
|d Galveston Stacks
|t 0
|e E169.1 .P42 1973
|h Library of Congress classification
|i unmediated -- volume
|m 33620000375903
|
| 998 |
f |
f |
|a E169.1 .P42 1973
|t 0
|l Galveston Stacks
|